=LDR 00000nam 2200000 4500 =001 000924 =005 20250712124612 =035 ##$$a 0010-0725000802 =007 ta =008 250712################a##########0#ind## =020 ##$$a 978-623-307-584-8 =082 ##$$a 398.280 2 =084 ##$$a 398.280 2 ROB i =100 #$$a Roberts, Ann =245 1#$$a Itu Apa? /$c Ann Roberts, Kate Sidley =250 ##$$a cetakan pertama =260 ##$$a jakarta :$b badan pengembangan dan pembinaan bahasa,$c 2022 =300 ##$$a 18 hlm. : $b ilus. ; $c 21,5 cm$e 398.280 2 =650 #4$$a literasi bahan bacaan =856 ##$$a TBM As Suhada =990 ##$$a TBM202400750